Náklady a ceny študijný text pre dištančné vzdelávanie
Saved in:
| Main Author: | |
|---|---|
| Other Authors: | , |
| Format: | Book |
| Language: | Slovak |
| Published: |
Bratislava
Centrum ďalšieho vzdelávania Ekonomickej univerzity
2005
|
| Subjects: | |
| Tags: |
No Tags, Be the first to tag this record!
|
MARC
| LEADER | 00000nlm$a2200000$$$4500 | ||
|---|---|---|---|
| 001 | 0060882 | ||
| 005 | 20240502071658.2 | ||
| 041 | 0 | |a slo | |
| 044 | |a SK | ||
| 245 | 1 | 0 | |a Náklady a ceny |b študijný text pre dištančné vzdelávanie |c Milan Rajňák, Miroslav Tóth, Slávka Floreková |
| 264 | 1 | |a Bratislava |b Centrum ďalšieho vzdelávania Ekonomickej univerzity |c 2005 | |
| 300 | |a CD-ROM | ||
| 610 | 2 | 0 | |a náklady |
| 610 | 2 | 0 | |a ceny |
| 610 | 2 | 0 | |a kalkulácia |
| 610 | 2 | 0 | |a tvorba cien |
| 100 | 1 | |a Rajňák, Milan | |
| 700 | 1 | |a Tóth, Miroslav, 1961- | |
| 700 | 1 | |a Floreková, Slavka, 1975- | |